<?xml version="1.0" encoding="UTF-8"?>
<record
    xmlns:xsi="http://www.w3.org/2001/XMLSchema-instance"
    xsi:schemaLocation="http://www.loc.gov/MARC21/slim http://www.loc.gov/standards/marcxml/schema/MARC21slim.xsd"
    xmlns="http://www.loc.gov/MARC21/slim">

  <leader>01429nam a2200277uu 4500</leader>
  <controlfield tag="001">1554024</controlfield>
  <controlfield tag="005">20260508094318.0</controlfield>
  <controlfield tag="008">210122s2000                        eng  </controlfield>
  <datafield tag="020" ind1=" " ind2=" ">
    <subfield code="a">9780387949437</subfield>
  </datafield>
  <datafield tag="035" ind1=" " ind2=" ">
    <subfield code="a">1554024</subfield>
  </datafield>
  <datafield tag="040" ind1=" " ind2=" ">
    <subfield code="c">comduadb</subfield>
  </datafield>
  <datafield tag="041" ind1=" " ind2=" ">
    <subfield code="a">eng</subfield>
  </datafield>
  <datafield tag="082" ind1=" " ind2="4">
    <subfield code="a">523</subfield>
  </datafield>
  <datafield tag="100" ind1="1" ind2="0">
    <subfield code="a">Harwit, Martin</subfield>
    <subfield code="4">aut</subfield>
    <subfield code="e">aut</subfield>
    <subfield code="9">815293</subfield>
  </datafield>
  <datafield tag="245" ind1="1" ind2="0">
    <subfield code="a">Astrophysical concepts</subfield>
  </datafield>
  <datafield tag="250" ind1=" " ind2=" ">
    <subfield code="a">3. edici&#xF3;n</subfield>
  </datafield>
  <datafield tag="260" ind1=" " ind2=" ">
    <subfield code="a">Nueva York :</subfield>
    <subfield code="b">Springer,</subfield>
    <subfield code="c">2000.</subfield>
  </datafield>
  <datafield tag="300" ind1=" " ind2=" ">
    <subfield code="a">xiv, 651 p&#xE1;ginas</subfield>
  </datafield>
  <datafield tag="336" ind1=" " ind2=" ">
    <subfield code="a">texto</subfield>
    <subfield code="b">txt</subfield>
    <subfield code="0">(uri)http://www.rdaregistry.info/termList/RDAContentType/#1020</subfield>
    <subfield code="2">rdacontent</subfield>
  </datafield>
  <datafield tag="490" ind1="0" ind2=" ">
    <subfield code="a">Astronomy and Astrophysics Library</subfield>
  </datafield>
  <datafield tag="505" ind1=" " ind2=" ">
    <subfield code="a">CONTENIDO : Una acercamiento a la astrof&#xED;sica. -- La escala de distancia c&#xF3;smica. -- Din&#xE1;mica y masas de cuerpos astron&#xF3;micos. -- Procesos aleatorios. --  Fotones y part&#xED;culas r&#xE1;pidas. -- Procesos electromagn&#xE9;ticos en el espacio. -- Procesos cu&#xE1;nticos en astrof&#xED;sica. -- Estrellas. -- Gas y polvo c&#xF3;smico. -- Formaci&#xF3;n de estrellas y sistemas planetarios. -- El Universo que habitamos. -- El universo temprano. -- Or&#xED;genes de la estructura. -- Vida en el universo. -- Ep&#xED;logo. -- Ap&#xE9;ndice A: Terminolog&#xED;a astron&#xF3;mica. -- Ap&#xE9;ndice B: Constantes astrof&#xED;sicas. -- Lista de referencias. -- &#xCD;ndice. .</subfield>
  </datafield>
  <datafield tag="650" ind1=" " ind2="7">
    <subfield code="a">Astrof&#xED;sica</subfield>
    <subfield code="2">lemb</subfield>
    <subfield code="9">34825</subfield>
  </datafield>
  <datafield tag="650" ind1=" " ind2=" ">
    <subfield code="a">Estructura de las estrellas</subfield>
    <subfield code="9">221275</subfield>
  </datafield>
  <datafield tag="650" ind1=" " ind2=" ">
    <subfield code="a">Evolucion de las estrellas</subfield>
    <subfield code="9">56123</subfield>
  </datafield>
  <datafield tag="942" ind1=" " ind2=" ">
    <subfield code="c">BOOK</subfield>
  </datafield>
  <datafield tag="999" ind1=" " ind2=" ">
    <subfield code="c">826869</subfield>
    <subfield code="d">826869</subfield>
  </datafield>
  <datafield tag="952" ind1=" " ind2=" ">
    <subfield code="0">0</subfield>
    <subfield code="1">0</subfield>
    <subfield code="4">0</subfield>
    <subfield code="7">0</subfield>
    <subfield code="8">GEN</subfield>
    <subfield code="a">BC</subfield>
    <subfield code="b">BC</subfield>
    <subfield code="d">2021-01-22</subfield>
    <subfield code="e">Otros proveedores</subfield>
    <subfield code="g">52500.00</subfield>
    <subfield code="i">C13310349</subfield>
    <subfield code="l">0</subfield>
    <subfield code="o">523.01 H343</subfield>
    <subfield code="p">61000003529662</subfield>
    <subfield code="r">2025-05-12 14:43:21</subfield>
    <subfield code="t">1</subfield>
    <subfield code="w">2023-05-05</subfield>
    <subfield code="y">BOOK</subfield>
  </datafield>
</record>
